Statistics for F1 2020 Season

Click here to take the quiz!

General Stats

  • This quiz has been taken 356 times
  • The average score is 24 of 25

Answer Stats

GPPole Position1st2nd3rdFastest Lap% Correct
PortugueseLewis HamiltonLewis HamiltonValtteri BottasMax VerstappenLewis Hamilton
100%
HungarianLewis HamiltonLewis HamiltonMax VerstappenValtteri BottasLewis Hamilton
100%
BritishLewis HamiltonLewis HamiltonMax VerstappenCharles LeclercMax Verstappen
100%
SpanishLewis HamiltonLewis HamiltonMax VerstappenValtteri BottasValtteri Bottas
100%
BelgianLewis HamiltonLewis HamiltonValtteri BottasMax VerstappenDaniel Ricciardo
100%
ItalianLewis HamiltonPierre GaslyCarlos Sainz JrLance StrollLewis Hamilton
100%
TuscanLewis HamiltonLewis HamiltonValtteri BottasAlexander AlbonLewis Hamilton
100%
RussianLewis HamiltonValtteri BottasMax VerstappenLewis HamiltonValtteri Bottas
100%
StyrianLewis HamiltonLewis HamiltonValtteri BottasMax VerstappenCarlos Sainz Jr
100%
Max Verstappen
100%
AustrianValtteri BottasValtteri BottasCharles LeclercLando NorrisLando Norris
99%
Emilia RomagnaValtteri BottasLewis HamiltonValtteri BottasDaniel RicciardoLewis Hamilton
99%
EifelValtteri BottasLewis HamiltonMax VerstappenDaniel RicciardoMax Verstappen
99%
70th AnniversaryValtteri BottasMax VerstappenLewis HamiltonValtteri BottasLewis Hamilton
99%
Charles Leclerc
98%
Sebastian Vettel
98%
Sergio Pérez
97%
Lando Norris
95%
Pierre Gasly
95%
Carlos Sainz Jr
94%
Daniel Ricciardo
94%
TurkishLance StrollLewis HamiltonSergio PérezSebastian VettelLando Norris
93%
Esteban Ocon
91%
Alexander Albon
88%
George Russell
83%

Score Distribution

Percentile by Number Answered

Percent of People with Each Score

Your Score History

You have not taken this quiz